Slovenski Narodnozabavni Ansambli - Statistics

General Stats
  • This quiz has been taken 6 times
  • The average score is 57 of 469
Answer Stats
Answer % Correct
Slapovi
100%
Ajda
67%
Akordi
67%
Alfija Nipiča
67%
Alpski Kvintet
67%
Beneški Fantje
67%
Boštjana Konečnika
67%
Braneta Klavžarja
67%
Bratov Avsenik
67%
Bratov Poljanšek
67%
Bratov Žerjav
67%
Brendijeve Barabe
67%
Celjski instrumentalni kvintet
67%
Čuki
67%
Dar
67%
Don Juan
67%
Erazem
67%
Fehtarji
67%
Firbci
67%
Franca Miheliča
67%
Lojzeta Slaka
67%
Modrijani
67%
Murni
67%
Napev
67%
Naveza
67%
Nemir
67%
Pogum
67%
Polkaholiki
67%
Potep
67%
Primorski fantje
67%
Roka Žlindre
67%
Rudija Bardorferja
67%
Saša Avsenika
67%
Slovenski muzikantje
67%
Spev
67%
Štajerskih 7
67%
Valovi
67%
Vasovalci
67%
Vikend
67%
Aktual
33%
Atomik Harmonik
33%
Aufbiks
33%
Azalea
33%
Biseri
33%
Bitenc
33%
Blaža Hutevca
33%
Bobri
33%
Čar
33%
Cerkljanski instrumentalni kvintet
33%
Chicas
33%
Divja Kri
33%
Dolenjskih 5
33%
Domna Kumra
33%
Donačka
33%
Dveh dolin
33%
Ekart
33%
Fantje z vseh vetrov
33%
Frajkinclari
33%
Franca Flereta
33%
Gadi
33%
Galop
33%
Gamsi
33%
Glas
33%
Hišni ansambel Avsenik
33%
Horjulski kvintet
33%
Hozentregarji
33%
Igor in zlati zvoki
33%
Janeza Kalška
33%
Javor
33%
Jožeta Škoberneta
33%
Jureta Zajca
33%
Kraški kvintet
33%
Lipovšek
33%
Marela
33%
Mladi dolenjci
33%
Mladi gamsi
33%
Nanos
33%
Nasmeh
33%
Navihanke
33%
Nika Zajca
33%
Novi spomini
33%
Ognjeni muzikanti
33%
Opoj
33%
Ottavia Brajka
33%
Petan
33%
Petka
33%
Ponos
33%
Poskočni muzikanti
33%
Potepini
33%
Prosen
33%
Raubarji
33%
Roberta Goterja
33%
Rubin
33%
Šepet
33%
Slavček
33%
Slavka Pluta
33%
Slovenija
33%
Slovenski kvintet
33%
Slovenski zvoki
33%
Slučaj
33%
Šmarnogorski kvintet
33%
Smeh
33%
Spomini
33%
Stanka Petriča
33%
Stil
33%
Štirje kovači
33%
Svetlin
33%
Tačke
33%
Tomaža Rota
33%
Toneta Kmetca
33%
Toneta Rusa
33%
Tonija Verderberja
33%
Upanje
33%
Vandrovci
33%
Vera in originali
33%
Vesele štajerke
33%
Veseli dolenjci
33%
Veseli svatje
33%
Veter
33%
Vihar
33%
Viharnik
33%
Vita
33%
Viža
33%
Vižarji
33%
Vražji muzikanti
33%
Vrt
33%
Vzrock
33%
Zajc
33%
Zaka pa ne
33%
Žargon
33%
Zdomarji
33%
Zidaniški kvintet
33%
Aplavz
0%
Baroni
0%
Berger
0%
Besniški Kvintet
0%
Blegoš
0%
Blisk
0%
Bohpomagej
0%
Bojana Kudra
0%
Borisa Franka
0%
Borisa Kovačiča
0%
Borisa Razpotnika
0%
Borisa Roškerja
0%
Boršt
0%
Bratov Avbreht
0%
Bratov Jamnik
0%
Bratov Krt
0%
Bratov Stopar
0%
Bratov Štukelj
0%
Briški Kvintet
0%
Brjar
0%
Brloga
0%
Brstje iz Oplotnice
0%
Brstov Slapinek
0%
Bum
0%
Burja
0%
Ceglar
0%
Čepon
0%
Cvet
0%
Direkt
0%
Dobri prijatelji
0%
Dolenjski zvoki
0%
Dolinarji
0%
Doreta Kogovška
0%
Dori
0%
Eks
0%
Fantje izlod Lisce
0%
Foksnerji
0%
Franca Potočarja s Podlipškimi fanti
0%
France Delčnjaka
0%
Frančič
0%
Gaški kvintet
0%
Gašperji
0%
Golte
0%
Gregorji
0%
Hanzija Artača
0%
Harmonija
0%
Henček
0%
Hinka Krčka
0%
Hlapci
0%
Hopla
0%
Hram
0%
I Bintar's
0%
Idila
0%
Iga Radoviča
0%
Iskrice
0%
Itak
0%
Ivana Puglja
0%
Ivana Ruparja
0%
Ivan Benčina
0%
Izvir
0%
Janeza Goršiča
0%
Jarica
0%
Jasmin
0%
Jelen
0%
Jerneja Kolarja
0%
Jerneja Zupana
0%
Jevšek
0%
Joc bend
0%
Jodel Express
0%
Jožeta Burnika
0%
Jožeta Galiča
0%
Jožeta Krežeta
0%
Jug
0%
Juhej
0%
Jurčki
0%
Karavanke
0%
Klapovuhi
0%
Klateži
0%
Kogras
0%
Kolovrat
0%
Korenika
0%
Korenine
0%
Koroški korenjaki
0%
Koroški kvintet
0%
Koroški muzikantje
0%
Koštruni
0%
Kozjanski lumpi
0%
Kozjanski zven
0%
Krajcarji
0%
Kranjci
0%
Kranjski muzikanti
0%
Kraški muzikanti
0%
Krila
0%
Krim
0%
Krimski lisjaki
0%
Krjavelj
0%
Krt
0%
Kvintet 7
0%
Kvintet mi
0%
Kvintet mobi
0%
Kvintet slovenskih deklet
0%
Labirint
0%
Labodi
0%
Laufarji
0%
Lenarti
0%
Lipa
0%
Lisjaki
0%
Litijski odmev
0%
Livada
0%
Lojtrca
0%
Lojzeta Ogorevca
0%
Ludvika Lesjaka
0%
Lunca
0%
Mačkoni
0%
Maksa Kumra
0%
Malibu
0%
Marcela in
0%
Mariborskih 6
0%
Mariborski kvintet
0%
Marjana Drofenika
0%
Marjana Hercoga
0%
Marjana Kočevarja
0%
Marka Špraha
0%
Martini
0%
Matjaža Ambroža
0%
Meh in smeh
0%
Mejaši
0%
Melos
0%
Mesečniki
0%
Metalurgi
0%
Mihe Dovžana
0%
Mikola
0%
Milana Vitka
0%
Minerali
0%
Minipe
0%
Minutka
0%
Mira Klinca
0%
Mirka Šlibarja
0%
Mitja kvintet
0%
Mlade frajle
0%
Mladi asi
0%
Mladi belokranjci
0%
Mladi godci
0%
Mladih 5
0%
Mladika
0%
Mladi korenjaki
0%
Mladi mi
0%
Mladi muzikantje
0%
Mladi navihanci
0%
Mladi odmev
0%
Mladi pomurci
0%
Mladi prijatelji
0%
Mladi štajerci
0%
Mladi upi
0%
Mladost
0%
Mlaj
0%
Modri val
0%
Moment
0%
Moravški trio
0%
Nagelj
0%
Narcis
0%
Navdih
0%
Navihani muzikanti
0%
Norost
0%
Notranjci
0%
Nova misel
0%
Novina
0%
Novo upanje
0%
Objem
0%
Odmev
0%
Okrogli muzikanti
0%
Otoški cvet
0%
Pajdaši
0%
Parižani
0%
Paulič
0%
Peklenski muzikantje
0%
Petovia kvintet
0%
Petovio
0%
Petra Finka
0%
Petrovčič
0%
Pik
0%
Pika na I
0%
Pik expres
0%
Pina Vežnaverja
0%
Planika
0%
Planinski instrumentalni kvintet
0%
Plaznik
0%
Pogladič
0%
Pogled
0%
Pohovci
0%
Poljanski koledniki
0%
Polka punce
0%
Pomladni zvoki
0%
Popotniki
0%
Potepuhi
0%
Pozdrav
0%
Poziv
0%
Prava stvar
0%
Prepih
0%
Prerod
0%
Prifarski muzikanti
0%
Prijatelji izpod Reške planine
0%
Primoža Založnika
0%
Prleški kvintet
0%
Prleški odmev
0%
Prva liga
0%
Ptujskih 5
0%
Ptujski instrumentalni ansambel
0%
Ptujski kvintet
0%
Pušnik
0%
Pvaninski abuhi
0%
Razpotniki
0%
Refren
0%
Ribniški Pušeljc
0%
Roberta Zupana
0%
Rogaški instrumentalni kvintet
0%
Rogla
0%
Roka Kastelca
0%
Rokondo kvintet
0%
Rokovnjači
0%
Rompompom
0%
Rosa
0%
Rožmarin
0%
Rudija Marondinija
0%
Rudija Škerjanca
0%
0%
Safirji
0%
Šaleški fantje
0%
Šaljivci
0%
Sanjski muzikanti
0%
Šantej
0%
Šarmerji
0%
Savinja
0%
Savinjski kvintet
0%
Savinjski odmev
0%
Sedmi raj
0%
Sekstakord
0%
Šembidci
0%
Šentjanci
0%
Šentjurški muzikanti
0%
Šestica
0%
Show band klobuk
0%
Šibovniki
0%
Sicer
0%
Sijaj
0%
Simona Belšaka
0%
Simona Gajška
0%
Simona Legnarja
0%
Simon Plazl s prijatelji
0%
Škorpijoni
0%
Skovik
0%
Slovenija pet plus
0%
Slovenskih 6
0%
Slovenski odmev
0%
Slovenski šopek
0%
Slovenskogoriški kvintet
0%
Šmarski muzikanti
0%
Šment
0%
Snežnik
0%
SOS kvintet
0%
Šozitje
0%
Špadni fantje
0%
Špica
0%
Šrangarji
0%
Srčni muzikanti
0%
Sredenšek
0%
Štajerband
0%
Štajerci
0%
Štajerski baroni
0%
Štajerski fakini
0%
Stanka Fajsa
0%
Štedientje
0%
Storžič
0%
Štrajk
0%
Strici
0%
Štrk
0%
Suhokranjci
0%
Svit
0%
Tik tak
0%
Tineta Stareta
0%
Toneta Žagarja
0%
Tonija Hervola
0%
Tonija Sotoška
0%
Topliška pomlad
0%
Trenutek
0%
Trio Šubic
0%
Unikat
0%
Užitek
0%
Vagabundi
0%
Veritas
0%
Veseli begunjčani
0%
Veseli gorenjci
0%
Veseli hmeljarji
0%
Veseli hribovci
0%
Veseli planšarji
0%
Veseljaki
0%
Vesna
0%
Vigred
0%
Vikija Ašiča
0%
Vikis
0%
Vilija Marinška
0%
Vilija Petriča
0%
Viničarji
0%
Vinka Cverleta
0%
Vitala Ahačiča
0%
Vita Muženiča
0%
Vitezi Celjski
0%
Vizija
0%
Vrh
0%
Vrhovec
0%
Vrisk
0%
Vrli muzikanti
0%
Vrtnica
0%
Vtis
0%
Vzpon
0%
Začetek
0%
Zadetek
0%
Zadovoljni Kranjci
0%
Zagorski kvintet
0%
Zakrajšek
0%
Založniki
0%
Zamejski kvintet
0%
Zapeljivke
0%
Zarja
0%
Zasavci
0%
Zeme
0%
Žibert
0%
Žiga s prijatelji
0%
Zlati muzikanti
0%
Zorana Lupinca
0%
Zreška pomlad
0%
Zupan
0%
Zvezde
0%
Zvita feltna
0%
Zvončki
0%
Zvoneta Lipovška
0%
No matching quizzes found
Score Distribution
Percent of People with Each Score
Percentile by Number Answered
Your Score History
You have not taken this quiz